00930nam a22001817a 4500003000400000008004100004020001800045082002100063245008900084260006300173300001100236650009800247700002600345942001200371999001700383952017400400952017400574OSt260625b |||||||| |||| 00| 0 eng d a9788170196440 a632.90954 bA25R aRecent Trends in Plant Diseases Management/ edited by Sheela H.KChourasia...[et al.] aDelhi : bToday & Tomorrow Printers and Publishers,c2019. a445 p. aTechnology (Applied Sciences) | Agriculture and Related Technologies | Plant Diseases | India aChourasia, Sheela H.K 2ddccBK c52307d52307 00102ddc4070aRAUbRAUcGENd2026-06-25eToday & Tomorrow Printers and Publishers g4495.00l0o632.90954 A25Rp87546r2026-06-25w2026-01-29yBKkBill No. IN-00449  00102ddc4070aRAUbRAUcGENd2026-06-25eToday & Tomorrow Printers and Publishers g4495.00l0o632.90954 A25Rp87547r2026-06-25w2026-01-29yBKkBill No. IN-00449